000 00330 a2200157 4500
001 169045
020 _a
040 _cMagnum
100 _aBrandao, Carlos Rodrigues
240 1 0 _aPesquisa participante
_lpor
245 1 0 _aPesquisa participante
362 0 _a1899
440 1 _aBrasiliense
697 _aGERAL
942 _cBK
999 _c169045
_d169045